Statistics for NBA Signature Moves

Click here to take the quiz!

General Stats

  • This quiz has been taken 3,103 times
  • The average score is 9 of 15

Answer Stats

MovePlayer% Correct
SkyhookKareem Abdul-Jabbar
96%
Dunk from the Free Throw LineMichael Jordan
92%
One-Legged FadeawayDirk Nowitzki
89%
Killer CrossoverAllen Iverson
80%
Dream ShakeHakeem Olajuwon
70%
Finger WagDikembe Mutombo
68%
Chase-Down BlockLeBron James
68%
Underhand Free ThrowRick Barry
65%
One-Handed Baseline Reverse Scoop LayupJulius Erving
63%
Bank ShotTim Duncan
59%
Fake Behind-the-Back Pass to a LayupRajon Rondo
57%
Fake Spin Move Fadeaway JumperKobe Bryant
51%
Over-the-Backboard ShotLarry Bird
36%
Up and UnderKevin McHale
5%
Statue of Liberty DunkJames Worthy
4%

Score Distribution

Percentile by Number Answered

Percent of People with Each Score

Your Score History

You have not taken this quiz